[Event "CZE-ch Amateur"]
[Site "Hluk"]
[Date "2023.05.11"]
[Round "9"]
[White "Mathisen, Runar"]
[Black "Nikel, Rastislav"]
[Result "0-1"]
[WhiteElo "1841"]
[BlackElo "2015"]
[PlyCount "94"]
[EventDate "2023.05.06"]
[EventType "swiss"]
[EventRounds "9"]
[EventCountry "CZE"]
[SourceTitle "CBM 214 Extra"]
[Source "ChessBase"]
[SourceDate "2023.07.31"]
[SourceVersion "1"]
[SourceVersionDate "2023.07.31"]
[SourceQuality "1"]

1. Nf3 f5 2. d3 g6 3. e4 d6 4. exf5 Bxf5 5. d4 Bg7 6. Bd3 e6 7. Qe2 Kd7 8. 0-0 Nc6 9. Re1 Qf6 10. Bxf5 Qxf5 11. c3 Re8 12. Nbd2 Nh6 13. Ne4 Nf7 14. Ng3 Qa5 15. b4 Qa4 16. Rb1 a6 17. b5 axb5 18. Rxb5 b6 19. Ne4 h6 20. Rb3 Qa8 21. Ra3 Na5 22. Qd3 Qd5 23. Ned2 Qf5 24. c4 Qxd3 25. Rxd3 e5 26. d5 e4 27. Rxe4 Rxe4 28. Nxe4 Nxc4 29. Nd4 Nd8 30. Nf3 Re8 31. Ng3 Nb7 32. Bd2 Nc5 33. Re3 Nxe3 34. Bxe3 Ra8 35. Nh4 g5 36. Nhf5 Bf8 37. h3 Rxa2 38. Nh5 Ra1+ 39. Kh2 Ke8 40. Nf6+ Kf7 41. g4 Rd1 42. Nh5 Rxd5 43. h4 Ne6 44. Kh3 b5 45. f4 Nxf4+ 46. Nxf4 gxf4 47. Bxf4 h5 0-1

[Event "CZE-ch Amateur"]
[Site "Hluk"]
[Date "2023.05.10"]
[Round "7"]
[White "Telarik, Radek"]
[Black "Nikel, Rastislav"]
[Result "0-1"]
[WhiteElo "1846"]
[BlackElo "2015"]
[PlyCount "70"]
[EventDate "2023.05.06"]
[EventType "swiss"]
[EventRounds "9"]
[EventCountry "CZE"]
[SourceTitle "CBM 214 Extra"]
[Source "ChessBase"]
[SourceDate "2023.07.31"]
[SourceVersion "1"]
[SourceVersionDate "2023.07.31"]
[SourceQuality "1"]

1. c4 e5 2. g3 f5 3. d3 Nf6 4. Bg2 d6 5. Nc3 c6 6. Bg5 h6 7. Bxf6 Qxf6 8. e3 g6 9. Nge2 Bg7 10. d4 0-0 11. 0-0 g5 12. dxe5 dxe5 13. f4 Be6 14. b3 Na6 15. a3 Rad8 16. Qc2 Qe7 17. Kh1 e4 18. fxg5 hxg5 19. g4 Rd3 20. gxf5 Bxf5 21. Rxf5 Rxf5 22. Bxe4 Rxc3 23. Nxc3 Bxc3 24. Rg1 Rf7 25. Rg4 Bg7 26. Qg2 Nc5 27. Bg6 Rf6 28. Rxg5 Qxe3 29. Bh7+ Kxh7 30. Rxg7+ Kh6 31. h4 Qe1+ 32. Kh2 Qxh4+ 33. Kg1 Qd4+ 34. Kh2 Qf4+ 35. Rg3 Kh7 0-1

[Event "CZE-ch Amateur"]
[Site "Hluk"]
[Date "2023.05.06"]
[Round "2"]
[White "Nikel, Rastislav"]
[Black "Masek, Tomas"]
[Result "1-0"]
[WhiteElo "2015"]
[BlackElo "1268"]
[PlyCount "31"]
[EventDate "2023.05.06"]
[EventType "swiss"]
[EventRounds "9"]
[EventCountry "CZE"]
[SourceTitle "CBM 214 Extra"]
[Source "ChessBase"]
[SourceDate "2023.07.31"]
[SourceVersion "1"]
[SourceVersionDate "2023.07.31"]
[SourceQuality "1"]

1. d4 Nf6 2. c4 e6 3. Nc3 d5 4. Nf3 c6 5. e3 Nbd7 6. Bd3 Bd6 7. e4 dxe4 8. Nxe4 Be7 9. 0-0 b6 10. Bf4 Bb7 11. Nd6+ Bxd6 12. Bxd6 Rc8 13. c5 Nd5 14. Re1 Ne7 15. Ng5 h6 16. Rxe6 1-0

[Event "SVK-chT1W 2223"]
[Site "Slovakia"]
[Date "2023.03.12"]
[Round "11.7"]
[White "Nikel, Rastislav"]
[Black "Kolman, Richard"]
[Result "1-0"]
[WhiteElo "2005"]
[BlackElo "2018"]
[PlyCount "37"]
[EventDate "2022.10.15"]
[EventType "team-tourn"]
[EventRounds "11"]
[EventCountry "SVK"]
[SourceTitle "EXT 2024"]
[Source "ChessBase"]
[SourceDate "2023.10.10"]
[SourceVersion "1"]
[SourceVersionDate "2023.10.10"]
[SourceQuality "1"]
[WhiteTeam "Levice"]
[BlackTeam "Bratislava Slovan III"]
[WhiteTeamCountry "SVK"]
[BlackTeamCountry "SVK"]

1. d4 d5 2. c4 e6 3. Nc3 a6 4. cxd5 exd5 5. Nf3 Nf6 6. Bg5 Be6 7. e3 Nbd7 8. Bd3 Bd6 9. h3 h6 10. Bf4 Qe7 11. Qe2 c5 12. 0-0 c4 13. Bc2 b5 14. Bxd6 Qxd6 15. e4 dxe4 16. Bxe4 Rd8 17. d5 Nxe4 18. dxe6 Nxc3 19. exd7+ 1-0

[Event "SVK-chT1W 2223"]
[Site "Slovakia"]
[Date "2023.03.11"]
[Round "10.8"]
[White "Nikel, Rastislav"]
[Black "Sturc, Jan"]
[Result "1-0"]
[WhiteElo "2005"]
[BlackElo "1973"]
[PlyCount "93"]
[EventDate "2022.10.15"]
[EventType "team-tourn"]
[EventRounds "11"]
[EventCountry "SVK"]
[SourceTitle "EXT 2024"]
[Source "ChessBase"]
[SourceDate "2023.10.10"]
[SourceVersion "1"]
[SourceVersionDate "2023.10.10"]
[SourceQuality "1"]
[WhiteTeam "Levice"]
[BlackTeam "Bratislava Slovan II"]
[WhiteTeamCountry "SVK"]
[BlackTeamCountry "SVK"]

1. e4 c5 2. Nf3 Nc6 3. d4 cxd4 4. Nxd4 Nf6 5. Nc3 e5 6. Ndb5 d6 7. Bg5 a6 8. Na3 b5 9. Nd5 Be7 10. Bxf6 Bxf6 11. c4 Qa5+ 12. Qd2 Qxd2+ 13. Kxd2 0-0 14. Nxf6+ gxf6 15. cxb5 Nd4 16. bxa6 f5 17. exf5 Nxf5 18. Nc2 Bxa6 19. Bxa6 Rxa6 20. a4 Rfa8 21. b3 d5 22. Ra3 Nd6 23. Nb4 Ra5 24. Nc6 Rc5 25. Nxe5 Ne4+ 26. Ke3 Rc3+ 27. Kd4 Rac8 28. Rd1 Ng5 29. Rd3 Ne6+ 30. Ke3 d4+ 31. Ke4 Nc5+ 32. Kxd4 Nxd3 33. Nxd3 R3c7 34. b4 Rd8+ 35. Ke3 Re8+ 36. Kd2 Rb8 37. a5 Kf8 38. a6 Ra7 39. Kc3 Ke7 40. Kc4 Kd6 41. b5 Rc8+ 42. Kb4 Kc7 43. Ka5 Kb8 44. Nb4 Rd7 45. Nc6+ Ka8 46. Rc3 Rd1 47. b6 1-0

[Event "SVK-chT1W 2223"]
[Site "Slovakia"]
[Date "2023.02.04"]
[Round "8.8"]
[White "Nikel, Rastislav"]
[Black "Michalek, Matej"]
[Result "1-0"]
[WhiteElo "2005"]
[BlackElo "1974"]
[PlyCount "89"]
[EventDate "2022.10.15"]
[EventType "team-tourn"]
[EventRounds "11"]
[EventCountry "SVK"]
[SourceTitle "EXT 2024"]
[Source "ChessBase"]
[SourceDate "2023.10.10"]
[SourceVersion "1"]
[SourceVersionDate "2023.10.10"]
[SourceQuality "1"]
[WhiteTeam "Levice"]
[BlackTeam "Povazska Bystrica"]
[WhiteTeamCountry "SVK"]
[BlackTeamCountry "SVK"]

1. e4 d6 2. d4 g6 3. c4 Bg7 4. Nc3 Nf6 5. f3 0-0 6. Be3 Nbd7 7. Bd3 c5 8. d5 a6 9. Nge2 Rb8 10. g4 Ne5 11. Ng3 b5 12. cxb5 c4 13. Be2 axb5 14. g5 Ne8 15. f4 Nd7 16. 0-0 Nc5 17. a3 Nc7 18. f5 Be5 19. Qe1 N7a6 20. Qf2 b4 21. axb4 Rxb4 22. Nd1 Nb3 23. Ra2 Nac5 24. Nc3 Bd7 25. Qf3 Qb8 26. Qg4 Nd4 27. Qh4 Nxe2+ 28. Ngxe2 Bh8 29. Bd4 f6 30. fxg6 hxg6 31. gxf6 Bxf6 32. Bxf6 exf6 33. Rxf6 Qe8 34. Ra8 Qxa8 35. Rxg6+ Kf7 36. Rf6+ Ke8 37. Rxf8+ Kxf8 38. Qh8+ Ke7 39. Qxa8 Rxb2 40. Nd4 Bh3 41. Nf5+ Bxf5 42. exf5 Kf6 43. Ne4+ Kxf5 44. Nxd6+ Kf4 45. Qf8+ 1-0

[Event "SVK-ch Amateurs"]
[Site "Radava"]
[Date "2022.11.14"]
[Round "1"]
[White "Nikel, Rastislav"]
[Black "Visvader, Kristof"]
[Result "1/2-1/2"]
[WhiteElo "1983"]
[BlackElo "1504"]
[PlyCount "64"]
[EventDate "2022.11.14"]
[EventType "swiss"]
[EventRounds "8"]
[EventCountry "SVK"]
[SourceTitle "CBM 211 Extra"]
[Source "ChessBase"]
[SourceDate "2023.01.31"]
[SourceVersion "1"]
[SourceVersionDate "2023.01.31"]
[SourceQuality "1"]

1. d4 d5 2. c4 e6 3. Nc3 Nf6 4. Nf3 c6 5. Bg5 Nbd7 6. e3 Bb4 7. Nd2 Qa5 8. Bxf6 Nxf6 9. Qb3 b6 10. Bd3 Ba6 11. 0-0 Bxc3 12. bxc3 0-0 13. Rfe1 dxc4 14. Nxc4 Bxc4 15. Qxc4 Rac8 16. e4 Rfd8 17. e5 Nd5 18. Rac1 c5 19. Bb1 cxd4 20. Qd3 g6 21. cxd4 Nf4 22. Qe3 Rxc1 23. Rxc1 Rxd4 24. g3 Qd5 25. gxf4 Rd1+ 26. Rxd1 Qxd1+ 27. Kg2 Qxb1 28. Qd4 Qf5 29. Kg3 h5 30. f3 Qb1 31. h4 Qe1+ 32. Kh3 Qf1+ 1/2-1/2

[Event "SVK-chT2B 2122"]
[Site "Slovakia"]
[Date "2022.03.05"]
[Round "5.5"]
[White "Toth, Jozef"]
[Black "Nikel, Rastislav"]
[Result "1/2-1/2"]
[WhiteElo "1369"]
[BlackElo "1980"]
[PlyCount "49"]
[EventDate "2021.10.16"]
[EventType "team-tourn"]
[EventRounds "11"]
[EventCountry "SVK"]
[SourceTitle "EXT 2023"]
[Source "ChessBase"]
[SourceDate "2022.10.05"]
[SourceVersion "1"]
[SourceVersionDate "2022.10.05"]
[SourceQuality "1"]
[WhiteTeam "Levice II"]
[BlackTeam "Levice"]
[WhiteTeamCountry "SVK"]
[BlackTeamCountry "SVK"]

1. e4 c5 2. Nf3 d6 3. Bc4 Nc6 4. Nc3 Nf6 5. h3 g6 6. d3 Bg7 7. 0-0 a6 8. a3 b5 9. Ba2 0-0 10. Bd2 h6 11. Qc1 g5 12. Nh2 Nd4 13. Re1 e5 14. Nd5 Nh5 15. c3 Ne6 16. Qd1 Nhf4 17. Bxf4 gxf4 18. Qh5 Qg5 19. Qxg5 hxg5 20. Ng4 Kh7 21. f3 Ra7 22. Kf2 Kg6 23. Rh1 Rh8 24. Rac1 Rh4 25. Bb1 1/2-1/2

[Event "SVK-chT2B 2122"]
[Site "Slovakia"]
[Date "2021.10.16"]
[Round "1.6"]
[White "Zernovic, Michal"]
[Black "Nikel, Rastislav"]
[Result "0-1"]
[WhiteElo "1838"]
[BlackElo "1976"]
[PlyCount "36"]
[EventDate "2021.10.16"]
[EventType "team-tourn"]
[EventRounds "11"]
[EventCountry "SVK"]
[SourceTitle "EXT 2023"]
[Source "ChessBase"]
[SourceDate "2022.10.05"]
[SourceVersion "1"]
[SourceVersionDate "2022.10.05"]
[SourceQuality "1"]
[WhiteTeam "Povazske Podhradie"]
[BlackTeam "Levice"]
[WhiteTeamCountry "SVK"]
[BlackTeamCountry "SVK"]

1. e4 e5 2. Bc4 Nf6 3. d3 Nc6 4. Nc3 Bc5 5. Be3 Bxe3 6. fxe3 d6 7. Nf3 Bg4 8. 0-0 Qd7 9. Qe1 0-0-0 10. Nd5 Nxd5 11. Bxd5 f6 12. Nh4 g5 13. Nf5 Ne7 14. Nxe7+ Qxe7 15. Qa5 c6 16. Bc4 Kb8 17. a4 h5 18. b4 b6 0-1

[Event "EU-Cup Online Gr-B"]
[Site "Tornelo INT"]
[Date "2021.03.28"]
[Round "5.4"]
[White "Nikel, Rastislav"]
[Black "Miralles, Gilles"]
[Result "0-1"]
[WhiteElo "1984"]
[BlackElo "2418"]
[PlyCount "40"]
[EventDate "2021.03.27"]
[EventType "team-tourn (rapid)"]
[EventRounds "9"]
[EventCountry "NET"]
[SourceTitle "CBM 201 Extra"]
[Source "ChessBase"]
[SourceDate "2021.05.31"]
[SourceVersion "1"]
[SourceVersionDate "2021.05.31"]
[SourceQuality "1"]
[WhiteTeam "Levice Lions"]
[BlackTeam "Geneve"]
[WhiteTeamCountry "SVK"]
[BlackTeamCountry "SUI"]

1. e4 c5 2. Nf3 d6 3. d4 cxd4 4. Nxd4 Nf6 5. Nc3 Nc6 6. Bc4 e6 7. 0-0 Be7 8. Be3 0-0 9. Qe2 a6 10. f4 d5 11. exd5 exd5 12. Bd3 Re8 13. h3 Bc5 14. Qf2 Rxe3 15. Nxc6 bxc6 16. Nd1 Qb6 17. b4 Bd4 18. c3 Rxd3 19. cxd4 Qxd4 20. Nb2 Rd2 0-1

[Event "EU-Cup Online Gr-B"]
[Site "Tornelo INT"]
[Date "2021.03.27"]
[Round "4.4"]
[White "Ferey, Antonin"]
[Black "Nikel, Rastislav"]
[Result "1-0"]
[WhiteElo "2148"]
[BlackElo "1984"]
[PlyCount "51"]
[EventDate "2021.03.27"]
[EventType "team-tourn (rapid)"]
[EventRounds "9"]
[EventCountry "NET"]
[SourceTitle "CBM 201 Extra"]
[Source "ChessBase"]
[SourceDate "2021.05.31"]
[SourceVersion "1"]
[SourceVersionDate "2021.05.31"]
[SourceQuality "1"]
[WhiteTeam "Stanislas Echecs"]
[BlackTeam "Levice Lions"]
[WhiteTeamCountry "FRA"]
[BlackTeamCountry "SVK"]

1. d4 d5 2. c4 c6 3. Nf3 Nf6 4. Nc3 e6 5. Bg5 h6 6. Bf4 Be7 7. e3 0-0 8. Qc2 Nbd7 9. g4 dxc4 10. g5 Nd5 11. gxh6 Nxf4 12. hxg7 Re8 13. exf4 b5 14. Ne4 f5 15. Neg5 Nf6 16. 0-0-0 Nd5 17. h4 Nxf4 18. Kb1 Bf6 19. Qd2 Nh5 20. Be2 Nxg7 21. h5 Re7 22. h6 Ne8 23. Rdg1 Kf8 24. Qf4 c5 25. Ne5 Bxe5 26. dxe5 1-0

[Event "EU-Cup Online Gr-B"]
[Site "Tornelo INT"]
[Date "2021.03.27"]
[Round "3.4"]
[White "Nikel, Rastislav"]
[Black "Kramer, Julian"]
[Result "0-1"]
[WhiteElo "1984"]
[BlackElo "2419"]
[PlyCount "124"]
[EventDate "2021.03.27"]
[EventType "team-tourn (rapid)"]
[EventRounds "9"]
[EventCountry "NET"]
[SourceTitle "CBM 201 Extra"]
[Source "ChessBase"]
[SourceDate "2021.05.31"]
[SourceVersion "1"]
[SourceVersionDate "2021.05.31"]
[SourceQuality "1"]
[WhiteTeam "Levice Lions"]
[BlackTeam "Hamburger SK"]
[WhiteTeamCountry "SVK"]
[BlackTeamCountry "GER"]

1. e4 c5 2. Nf3 d6 3. d4 cxd4 4. Nxd4 Nf6 5. Nc3 Nc6 6. Be3 e5 7. Nxc6 bxc6 8. Be2 Be7 9. 0-0 0-0 10. f4 exf4 11. Rxf4 Be6 12. Qd2 Nd7 13. Raf1 Ne5 14. b3 Bg5 15. R4f2 Bxe3 16. Qxe3 Qb6 17. Qg3 Rfd8 18. Kh1 Qa5 19. h4 h6 20. Nd1 Qb4 21. c4 a5 22. Ne3 Qc3 23. Bh5 a4 24. Kh2 axb3 25. axb3 Qxb3 26. c5 Ra5 27. cxd6 Rxd6 28. Bd1 Rxd1 29. Rxd1 Qxe3 30. Rf4 Qxg3+ 31. Kxg3 Ra3+ 32. Kh2 h5 33. Rd2 Ng4+ 34. Kg1 Ra1+ 35. Rf1 Rxf1+ 36. Kxf1 c5 37. Ke2 c4 38. Rd6 Kf8 39. Rc6 Ke7 40. Kd2 Ne5 41. Ra6 Kf6 42. Kc3 g5 43. hxg5+ Kxg5 44. Kd4 Ng6 45. Ra3 Kg4 46. g3 Ne7 47. Kc5 Ng8 48. Kd6 Nf6 49. Ke5 Kg5 50. Kd4 Kg4 51. Ke5 Nh7 52. Kd4 Ng5 53. e5 Nf3+ 54. Ke4 Nd2+ 55. Kd4 Nb3+ 56. Kc3 Kxg3 57. Ra8 Kf4 58. Rh8 Kg5 59. Rg8+ Kh6 60. Rh8+ Kg6 61. Kb4 Nd2 62. Kc3 Nf3 0-1

[Event "EU-Cup Online Gr-B"]
[Site "Tornelo INT"]
[Date "2021.03.27"]
[Round "1.4"]
[White "Nikel, Rastislav"]
[Black "Ragger, Markus"]
[Result "0-1"]
[WhiteElo "1984"]
[BlackElo "2680"]
[PlyCount "102"]
[EventDate "2021.03.27"]
[EventType "team-tourn (rapid)"]
[EventRounds "9"]
[EventCountry "NET"]
[SourceTitle "CBM 201 Extra"]
[Source "ChessBase"]
[SourceDate "2021.05.31"]
[SourceVersion "1"]
[SourceVersionDate "2021.05.31"]
[SourceQuality "1"]
[WhiteTeam "Levice Lions"]
[BlackTeam "Novy Bor"]
[WhiteTeamCountry "SVK"]
[BlackTeamCountry "CZE"]

1. e4 e5 2. Nf3 Nc6 3. Bb5 a6 4. Ba4 Nf6 5. 0-0 Be7 6. Re1 b5 7. Bb3 d6 8. c3 Na5 9. Bc2 c5 10. d4 exd4 11. cxd4 Bg4 12. d5 Nc4 13. h3 Bxf3 14. Qxf3 Nd7 15. Qe2 0-0 16. Nd2 Nxd2 17. Bxd2 Bf6 18. Rab1 Re8 19. Bf4 Ne5 20. Bg3 Ng6 21. f4 Qa5 22. e5 dxe5 23. Bxg6 hxg6 24. fxe5 Qxa2 25. Qc2 Bd8 26. e6 Qxd5 27. exf7+ Qxf7 28. Qxc5 Bf6 29. Kh2 Qb7 30. b3 Rac8 31. Qf2 a5 32. Rxe8+ Rxe8 33. Re1 Qf7 34. Rxe8+ Qxe8 35. Qc5 Kh7 36. Bd6 a4 37. bxa4 bxa4 38. Kg3 Qe4 39. Qa3 Bd4 40. Bb4 Qe2 41. h4 Qd1 42. Kf4 Qc2 43. g4 Bb2 44. Qf3 Qc4+ 45. Qe4 Qxe4+ 46. Kxe4 a3 47. Bxa3 Bxa3 48. Kf4 Bb4 49. Ke5 Be1 50. h5 gxh5 51. gxh5 Kh6 0-1

[Event "SVK-ch Amateur"]
[Site "Topolcany"]
[Date "2020.07.12"]
[Round "4"]
[White "Macko, Michal"]
[Black "Nikel, Rastislav"]
[Result "1-0"]
[WhiteElo "2148"]
[BlackElo "1982"]
[PlyCount "73"]
[EventDate "2020.07.10"]
[EventType "swiss"]
[EventRounds "7"]
[EventCountry "SVK"]
[SourceTitle "EXT 2021"]
[Source "ChessBase"]
[SourceDate "2020.10.23"]
[SourceVersion "1"]
[SourceVersionDate "2020.10.23"]
[SourceQuality "1"]

1. c4 c6 2. e4 d5 3. exd5 cxd5 4. cxd5 Nf6 5. Nc3 Nxd5 6. Bc4 e6 7. Nf3 Be7 8. 0-0 Nxc3 9. bxc3 Nc6 10. Qe2 0-0 11. d4 Qa5 12. Bd2 Bf6 13. Rab1 a6 14. Rfe1 b5 15. Bd3 Bd7 16. Qe4 g6 17. Re2 Rfe8 18. Qf4 Qd8 19. Rbe1 b4 20. c4 Nxd4 21. Nxd4 e5 22. Qf3 exd4 23. Rxe8+ Bxe8 24. Rxe8+ Qxe8 25. Qxf6 Qd8 26. Qf3 a5 27. Be4 Rc8 28. Bd5 Qe7 29. g3 Kg7 30. Qf4 a4 31. Qxd4+ f6 32. Qb6 b3 33. axb3 a3 34. Bb4 a2 35. Bxe7 a1Q+ 36. Kg2 Re8 37. Qe6 1-0

[Event "SVK-ch rapid"]
[Site "Topolcany"]
[Date "2020.07.11"]
[Round "9"]
[White "Sofer, Jozef"]
[Black "Nikel, Rastislav"]
[Result "1/2-1/2"]
[WhiteElo "1562"]
[BlackElo "1952"]
[PlyCount "101"]
[EventDate "2020.07.11"]
[EventType "swiss (rapid)"]
[EventRounds "9"]
[EventCountry "SVK"]
[SourceTitle "CBM 197 Extra"]
[Source "ChessBase"]
[SourceDate "2020.09.30"]
[SourceVersion "1"]
[SourceVersionDate "2020.09.30"]
[SourceQuality "1"]

1. d4 f5 2. g3 g6 3. Bg2 Bg7 4. c4 d6 5. Nc3 Nc6 6. e3 Nf6 7. a3 0-0 8. Nge2 e5 9. 0-0 e4 10. Qb3 Kh8 11. Nf4 g5 12. Nfd5 Nxd5 13. Nxd5 Ne7 14. Bd2 c6 15. Nxe7 Qxe7 16. Rac1 f4 17. d5 f3 18. Bh1 c5 19. Bc3 h5 20. Bxg7+ Kxg7 21. Qc3+ Kg6 22. b4 b6 23. Qc2 h4 24. Rcd1 Qe5 25. bxc5 hxg3 26. fxg3 Bh3 27. Rf2 bxc5 28. Bxf3 Rxf3 29. Rxf3 Bg4 30. Rdf1 Bxf3 31. Rxf3 Kg7 32. Rf2 Rb8 33. Qa4 Rb7 34. Qc6 Re7 35. Qc8 Re8 36. Qg4 Kh6 37. h4 Rg8 38. hxg5+ Rxg5 39. Qh4+ Kg6 40. Rf4 Qc3 41. Rg4 Qe1+ 42. Kh2 Qe2+ 43. Kh3 Qf1+ 44. Kh2 Qe2+ 45. Kh3 Qxe3 46. Rxg5+ Qxg5 47. Qxe4+ Kf7 48. Qe6+ Kg7 49. Qxd6 Qh5+ 50. Kg2 Qe2+ 51. Kh3 1/2-1/2

[Event "SVK-chT2B 1920"]
[Site "Slovakia"]
[Date "2020.02.15"]
[Round "8.6"]
[White "Nikel, Rastislav"]
[Black "Masarik, Drahoslav"]
[Result "1/2-1/2"]
[WhiteElo "1961"]
[BlackElo "1879"]
[PlyCount "27"]
[EventDate "2019.10.26"]
[EventType "team-tourn"]
[EventRounds "11"]
[EventCountry "SVK"]
[SourceTitle "CBM 195 Extra"]
[Source "ChessBase"]
[SourceDate "2020.05.31"]
[SourceVersion "1"]
[SourceVersionDate "2020.05.31"]
[SourceQuality "1"]
[WhiteTeam "Levice"]
[BlackTeam "Trencin"]
[WhiteTeamCountry "SVK"]
[BlackTeamCountry "SVK"]

1. e4 c5 2. Nf3 Nc6 3. d4 cxd4 4. c3 dxc3 5. Nxc3 d6 6. Bc4 Nf6 7. 0-0 e6 8. Qe2 a6 9. a4 Be7 10. Rd1 Qc7 11. Bf4 Ne5 12. Nxe5 dxe5 13. Be3 0-0 14. Rac1 1/2-1/2

[Event "SVK-chT2B 1920"]
[Site "Slovakia"]
[Date "2020.01.26"]
[Round "7.6"]
[White "Kubica, Viktor"]
[Black "Nikel, Rastislav"]
[Result "0-1"]
[WhiteElo "1911"]
[BlackElo "1961"]
[PlyCount "44"]
[EventDate "2019.10.26"]
[EventType "team-tourn"]
[EventRounds "11"]
[EventCountry "SVK"]
[SourceTitle "CBM 194 Extra"]
[Source "ChessBase"]
[SourceDate "2020.03.31"]
[SourceVersion "1"]
[SourceVersionDate "2020.03.31"]
[SourceQuality "1"]
[WhiteTeam "Nove Zamky"]
[BlackTeam "Levice"]
[WhiteTeamCountry "SVK"]
[BlackTeamCountry "SVK"]

1. d4 Nf6 2. c4 g6 3. Nc3 d5 4. e3 Bg7 5. Nf3 0-0 6. Be2 c6 7. 0-0 Ne4 8. Nd2 Nxc3 9. bxc3 dxc4 10. Bxc4 b5 11. Be2 e5 12. Rb1 Bf5 13. e4 Be6 14. dxe5 Bxa2 15. Ra1 Be6 16. f4 b4 17. Bb2 Qb6+ 18. Kh1 Rd8 19. Qc1 Qe3 20. Nc4 Qxe2 21. Nb6 Rd2 22. Rg1 Bh3 0-1

[Event "SVK-chT2B 1920"]
[Site "Slovakia"]
[Date "2019.11.17"]
[Round "4.7"]
[White "Cervenka, Peter"]
[Black "Nikel, Rastislav"]
[Result "0-1"]
[WhiteElo "1756"]
[BlackElo "1961"]
[PlyCount "92"]
[EventDate "2019.10.26"]
[EventType "team-tourn"]
[EventRounds "11"]
[EventCountry "SVK"]
[SourceTitle "CBM 193 Extra"]
[Source "ChessBase"]
[SourceDate "2020.01.31"]
[SourceVersion "1"]
[SourceVersionDate "2020.01.31"]
[SourceQuality "1"]
[WhiteTeam "Surany"]
[BlackTeam "Levice"]
[WhiteTeamCountry "SVK"]
[BlackTeamCountry "SVK"]

1. e4 e5 2. Nf3 Nc6 3. Bc4 Bc5 4. c3 Nf6 5. d3 0-0 6. 0-0 d5 7. exd5 Nxd5 8. Bg5 f6 9. Be3 Bxe3 10. fxe3 Kh8 11. Qe2 Bg4 12. Na3 Nb6 13. Bb5 e4 14. Bxc6 exd3 15. Qd2 bxc6 16. Rad1 Qd5 17. Qxd3 Qxa2 18. Qc2 Qe6 19. Kf2 Rfe8 20. Rfe1 Bxf3 21. Kxf3 Qe5 22. Kf2 f5 23. g3 Re6 24. Rd4 Rae8 25. Qe2 c5 26. Nc4 Qf6 27. Rdd1 g5 28. Nxb6 cxb6 29. Qc4 Qe7 30. Qd3 f4 31. e4 fxg3+ 32. hxg3 a6 33. Kf3 g4+ 34. Kxg4 Rf8 35. Kh3 Ref6 36. Rf1 Qe6+ 37. Kg2 Qf7 38. Rxf6 Qxf6 39. Rf1 Qxf1+ 40. Qxf1 Rxf1 41. Kxf1 Kg7 42. Ke2 Kf6 43. Kd3 Ke5 44. b3 b5 45. Ke3 a5 46. Kd2 Kxe4 0-1

[Event "Levice Toth Memorial"]
[Site "Levice"]
[Date "2019.08.02"]
[Round "2"]
[White "Habrda, Rudolf"]
[Black "Nikel, Rastislav"]
[Result "0-1"]
[WhiteElo "1508"]
[BlackElo "1963"]
[PlyCount "90"]
[EventDate "2019.08.01"]
[EventType "swiss"]
[EventRounds "7"]
[EventCountry "SVK"]
[SourceTitle "EXT 2020"]
[Source "ChessBase"]
[SourceDate "2019.10.17"]
[SourceVersion "1"]
[SourceVersionDate "2019.10.17"]
[SourceQuality "1"]

1. e4 c5 2. d4 cxd4 3. Nf3 Nc6 4. Bc4 Nf6 5. Nxd4 Nxe4 6. Nxc6 bxc6 7. 0-0 d5 8. Bb3 e6 9. Be3 Bd6 10. f3 Qh4 11. f4 g5 12. Nd2 Nxd2 13. Qxd2 Rg8 14. g3 gxf4 15. Bxf4 Bc5+ 16. Kh1 Qg4 17. Rae1 Ba6 18. c4 dxc4 19. Bd1 Qg6 20. Qa5 Bb5 21. Qc3 Qd3 22. Qf6 Be7 23. Qe5 Qd5+ 24. Qxd5 cxd5 25. Bh5 c3 26. Rf2 cxb2 27. Rxb2 Bd3 28. Rxe6 Bg6 29. Bxg6 Rxg6 30. Re5 Rd8 31. Rbe2 Re6 32. Rxe6 fxe6 33. Rxe6 Kf7 34. Rh6 Kg7 35. Re6 Rd7 36. Be5+ Kf7 37. Rh6 d4 38. Bf4 d3 39. Bd2 Rb7 40. Bc3 Rb1+ 41. Kg2 d2 42. Rxh7+ Kg6 43. Rg7+ Kh6 44. Rxe7 d1Q 45. Bg7+ Kg6 0-1

[Event "SVK-chT2B 1819"]
[Site "Slovakia"]
[Date "2019.02.03"]
[Round "7.6"]
[White "Moravcik, Rastislav"]
[Black "Nikel, Rastislav"]
[Result "1-0"]
[WhiteElo "1995"]
[BlackElo "1990"]
[PlyCount "55"]
[EventDate "2018.10.13"]
[EventType "team-tourn"]
[EventRounds "11"]
[EventCountry "SVK"]
[SourceTitle "CBM 189 Extra"]
[Source "ChessBase"]
[SourceDate "2019.06.03"]
[SourceVersion "1"]
[SourceVersionDate "2019.06.03"]
[SourceQuality "1"]
[WhiteTeam "Topolcany"]
[BlackTeam "Levice"]
[WhiteTeamCountry "SVK"]
[BlackTeamCountry "SVK"]

1. d4 f5 2. c4 g6 3. Nc3 Bg7 4. Nf3 d6 5. e3 Nc6 6. Be2 Nf6 7. 0-0 0-0 8. Rb1 e5 9. d5 Ne7 10. b4 h6 11. Qb3 g5 12. Rd1 Ng6 13. c5 g4 14. Ne1 f4 15. exf4 Nxf4 16. Bxf4 exf4 17. Bd3 g3 18. Nf3 gxf2+ 19. Kxf2 Ng4+ 20. Kg1 Bd4+ 21. Nxd4 Qh4 22. Nf3 Qf2+ 23. Kh1 Qe3 24. Ne4 Re8 25. Re1 Rxe4 26. Rxe3 Rxe3 27. Kg1 Bd7 28. c6 1-0

[Event "SVK-chT2B 1718"]
[Site "Slovakia"]
[Date "2017.11.25"]
[Round "3.5"]
[White "Kunovsky, Daniel"]
[Black "Nikel, Rastislav"]
[Result "1-0"]
[WhiteElo "1974"]
[BlackElo "2039"]
[PlyCount "57"]
[EventDate "2017.10.28"]
[EventType "team-tourn"]
[EventRounds "11"]
[EventCountry "SVK"]
[SourceTitle "CBM 181 Extra"]
[Source "ChessBase"]
[SourceDate "2017.12.12"]
[SourceVersion "1"]
[SourceVersionDate "2017.12.12"]
[SourceQuality "1"]
[WhiteTeam "Sala Slovan Duslo"]
[BlackTeam "Levice"]
[WhiteTeamCountry "SVK"]
[BlackTeamCountry "SVK"]

1. e4 c5 2. Nf3 d6 3. d4 cxd4 4. Nxd4 Nf6 5. Nc3 a6 6. Be2 b5 7. Bf3 e5 8. Nf5 d5 9. Bg5 d4 10. Nd5 Nbd7 11. c3 h6 12. Bh4 g6 13. Bxf6 Nxf6 14. Ng3 Nxd5 15. exd5 f5 16. 0-0 e4 17. Qxd4 exf3 18. Qxh8 fxg2 19. Rfe1+ Kf7 20. Rad1 f4 21. Ne4 Bg4 22. Rd2 f3 23. Qe5 g5 24. d6 Bg7 25. Qd5+ Kg6 26. Nc5 b4 27. d7 bxc3 28. bxc3 Bxc3 29. Qd3+ 1-0